Control Of Machines (Record no. 338487)

MARC details
000 -LEADER
fixed length control field 00481nam a2200181Ia 4500
008 - FIXED-LENGTH DATA ELEMENTS--GENERAL INFORMATION
fixed length control field 230718s9999 xx 000 0 und d
020 ## - INTERNATIONAL STANDARD BOOK NUMBER
International Standard Book Number 9788122418187
041 ## - LANGUAGE CODE
Language code of text/sound track or separate title eng
082 ## - DEWEY DECIMAL CLASSIFICATION NUMBER
Classification number 629.8'312
Item number BHA
100 ## - MAIN ENTRY--PERSONAL NAME
Personal name Bhattacharya S.K.
245 ## - TITLE STATEMENT
Title Control Of Machines
250 ## - EDITION STATEMENT
Edition statement Revised 2nd ed.
260 ## - PUBLICATION, DISTRIBUTION, ETC. (IMPRINT)
Date of publication, distribution, etc. 2014
Name of publisher, distributor, etc. New Age
300 ## - PHYSICAL DESCRIPTION
Extent 337
365 ## - TRADE PRICE
Currency code Rs.
Price amount 250.00
700 ## - ADDED ENTRY--PERSONAL NAME
Personal name Bhattacharya S.K. & Singh B.
906 ## - LOCAL DATA ELEMENT F, LDF (RLIN)
d O:0424208-Oct-2014B:377401-Aug-2014
c INST
b 187.5
Holdings
Withdrawn status Lost status Damaged status Not for loan Home library Current library Date acquired Vendor Budget Code Cost, normal purchase price Bill number Total Checkouts Full call number Barcode Date last seen Discount Cost, replacement price Bill Date Koha item type Original Barcode
        Cummins College of Engineering for Women Pune Cummins College of Engineering for Women Pune 08/10/2014 Om Book Stall INST 187.50 3774   629.8'312 CCEP-BK-49694 18/07/2023 187.5 250.00 01/08/2014 Books 049694